Constructing local theologies / (Record no. 2361)

MARC details
000 -LEADER
fixed length control field 01675cam a2200409 i 4500
001 - CONTROL NUMBER
control field 18953521
003 - CONTROL NUMBER IDENTIFIER
control field GBCCL
005 - DATE AND TIME OF LATEST TRANSACTION
control field 20241126110427.0
008 - FIXED-LENGTH DATA ELEMENTS--GENERAL INFORMATION
fixed length control field 160129t20151985nyu 001 0 eng c
010 ## -
-- 2015473923
020 ## - INTERNATIONAL STANDARD BOOK NUMBER
International Standard Book Number 088344108X (pbk.)
020 ## - INTERNATIONAL STANDARD BOOK NUMBER
International Standard Book Number 9781626981461 (anniv.ed.)
035 ## - SYSTEM CONTROL NUMBER
System control number (OCoLC)ocn919473355
040 ## - CATALOGING SOURCE
Original cataloging agency DGT
Language of cataloging eng
Transcribing agency DGT
Description conventions rda
Modifying agency OCLCF
-- CDX
-- YDXCP
-- DLC
042 ## -
-- pcc
050 00 -
-- BR118
-- .S365 2015
082 ## - DEWEY DECIMAL CLASSIFICATION NUMBER
Classification number 230.018
Item number SCH
100 1# - MAIN ENTRY--PERSONAL NAME
Personal name Schreiter, Robert J.,
Relator term author.
9 (RLIN) 4891
245 10 - TITLE STATEMENT
Title Constructing local theologies /
Statement of responsibility, etc. Robert J. Schreiter, D.PP.S.
250 ## - EDITION STATEMENT
Edition statement 30th anniversary edition.
264 #1 - PRODUCTION, PUBLICATION, DISTRIBUTION, MANUFACTURE, AND COPYRIGHT NOTICE
Place of production, publication, distribution, manufacture Maryknoll, NY :
Name of producer, publisher, distributor, manufacturer Orbis Books,
Date of production, publication, distribution, manufacture, or copyright notice [2015]
264 #4 - PRODUCTION, PUBLICATION, DISTRIBUTION, MANUFACTURE, AND COPYRIGHT NOTICE
Date of production, publication, distribution, manufacture, or copyright notice ©1985 ©2015
300 ## - PHYSICAL DESCRIPTION
Extent xix, 204 pages ;
Dimensions 24 cm
336 ## - CONTENT TYPE
Content type term text
Content type code txt
Source rdacontent
337 ## - MEDIA TYPE
Media type term unmediated
Media type code n
Source rdamedia
338 ## - CARRIER TYPE
Carrier type term volume
Carrier type code nc
Source rdacarrier
504 ## - BIBLIOGRAPHY, ETC. NOTE
Bibliography, etc. note Includes bibliographical references (page 183-195) and index.
505 0# - FORMATTED CONTENTS NOTE
Formatted contents note What is theology? -- Mapping a local theology -- The study of culture -- Theology and its context : church tradition as local theologies -- Tradition and Christian identity -- Popular religion and official religion -- Syncretism and dual religious systems.
610 20 - SUBJECT ADDED ENTRY--CORPORATE NAME
Corporate name or jurisdiction name as entry element Catholic Church
General subdivision Doctrines.
9 (RLIN) 2007
610 27 - SUBJECT ADDED ENTRY--CORPORATE NAME
Corporate name or jurisdiction name as entry element Catholic Church.
Source of heading or term fast
Authority record control number or standard number (OCoLC)fst00531720
9 (RLIN) 3874
650 #0 - SUBJECT ADDED ENTRY--TOPICAL TERM
Topical term or geographic name entry element Theology
General subdivision Methodology.
9 (RLIN) 438
650 #7 - SUBJECT ADDED ENTRY--TOPICAL TERM
Topical term or geographic name entry element Theology, Doctrinal.
Source of heading or term fast
Authority record control number or standard number (OCoLC)fst01149617
9 (RLIN) 14
650 #7 - SUBJECT ADDED ENTRY--TOPICAL TERM
Topical term or geographic name entry element Theology
General subdivision Methodology.
Source of heading or term fast
Authority record control number or standard number (OCoLC)fst01149580
9 (RLIN) 438
906 ## - LOCAL DATA ELEMENT F, LDF (RLIN)
a 7
b cbc
c pccadap
d 2
e ncip
f 20
g y-gencatlg
942 ## - ADDED ENTRY ELEMENTS (KOHA)
Source of classification or shelving scheme Dewey Decimal Classification
Koha item type Books
Koha issues (borrowed), all copies 1
Holdings
Withdrawn status Lost status Source of classification or shelving scheme Damaged status Not for loan Home library Current Library Shelving location Date acquired Total checkouts Full call number Barcode Date last seen Date last checked out Copy number Price effective from Koha item type
    Dewey Decimal Classification     GRACE BIBLE COLLEGE GRACE BIBLE COLLEGE Theology 2017-08-08 1 230.018 SCH 014474 2025-05-01 2023-10-13 c.1 2017-08-08 Books
© Grace Bible College Library 2025